00996cam a22003494i 4500003000900000005001700009008004100026035001900067040003300086082002100119100003600140245008000176264006100256300002800317336002100345337002500366338002300391505008400414526000900498526000900507526000900516526000900525526000900534526000900543526000800552526000800560526000800568526000800576526000800584526000800592650004600600PE-LiUPU20250731184541.0150623s2002 pe r 000 0 spa d a(Sirsi) a25395 aPE-LiUPUbspacPE-LiUPUerda04a985.089bB712211 aBoloña Beher, Carlos,eautor.10aDe Paniagua a Toledo :bde la confusión al caos /cCarlos Boloña Beher. 1aLima :bInstituto de Economía de Libre Mercado,c2002. a340 páginas ;c21 cm. atext2rdacontent aunmediated2rdamedia avolume2rdacarrier0 aAntecedentes. El gobierno de transición. El gobierno de Toledo. Conclusiones. aP136 aP135 aP134 aP133 aP144 aP143 aP87 aP35 aP20 aP14 aP10 aP0604aPerúxHistoriayRepública, 1980-2000.